Visualizzazione normale
Vista MARC
- Fiorentino L., Olivieri D., Dal Toso P
di Personal Name
Records bibliografici associati: 1
001 - CONTROL NUMBER
- control field: 59707
003 - CONTROL NUMBER IDENTIFIER
- control field:
005 - DATE AND TIME OF LATEST TRANSACTION
- control field: 20230314140725.0
008 - FIXED-LENGTH DATA ELEMENTS
- fixed length control field: 230314|| aca||aabn | a|a d
040 ## - CATALOGING SOURCE
- Original cataloging agency:
- Transcribing agency:
100 ## - HEADING--PERSONAL NAME
- Personal name: Fiorentino L., Olivieri D., Dal Toso P
670 ## - SOURCE DATA FOUND
- Source citation: Work cat.: ()221090: Mion Renato 57850, I giovani dell'ultima generazione, 1994